Asian Apartments (Record no. 13471)
[ view plain ]
| 000 -LEADER | |
|---|---|
| fixed length control field | 00200 a2200085 4500 |
| 020 ## - INTERNATIONAL STANDARD BOOK NUMBER | |
| International Standard Book Number | 9789814019958 |
| 100 ## - MAIN ENTRY--PERSONAL NAME | |
| Personal name | Kelley Cheng |
| 245 ## - TITLE STATEMENT | |
| Title | Asian Apartments |
| 260 ## - PUBLICATION, DISTRIBUTION, ETC. | |
| Name of publisher, distributor, etc. | Page One Pub; Illustrated |
| Date of publication, distribution, etc. | 2004 |
| Withdrawn status | Lost status | Source of classification or shelving scheme | Damaged status | Not for loan | Permanent Location | Current Location | Date acquired | Source of acquisition | Cost, normal purchase price | Barcode | Date last seen | Copy number | Cost, replacement price | Price effective from | Koha item type |
|---|---|---|---|---|---|---|---|---|---|---|---|---|---|---|---|
| BMS College of Architecture, Design and Planning | BMS College of Architecture, Design and Planning | 2025-09-16 | 10 | 1427.58 | AR-UG4296 | 2025-09-16 | AR-UG4296 | 2039.40 | 2025-09-16 | UG Books |